00491 2200193 4500001002100000005001500021035002000036245006600056100001500122250001400137300002600151260003600177082000800213084001400221600001400235990001600249990001600265990001600281INLIS00000000000334220240503101551 a0010-05240000011 aKISAH-KISAH KECIL & GANJIL :bMALAM 1001 PANDEMI /cAGUS NOOR0 aNOOR, AGUS aCetakan 1 a272 hlm ;c14 x 20 cm aYOGYAKARTA :bDIVA PRESS,c2020 a810 a810 NOO k 4aAGUS NOOR a00000008067 a00000008855 a00000008856